000 01017nam1a22002651i 4500
001 v19\rc\1569255
005 20240723082115.0
035 _a(NLR Aleph) 004698935
090 _a4039853
_c4039853
100 _a20061002d1892 |||y0rusy50 ca
101 1 _arus
_clat
102 _aRU
105 _ay z ||||b
200 1 _aЖизнеописания знаменитых полководцев
_eВып. 1-
_fКорнелий Непот
210 _aСанкт-Петербург
_cВ.А. Вроблевский
_d1892
215 _d17
225 1 _aРимские и греческие классики в подстрочном переводе, с примечаниями и словами В.А. Вроблевского
_v8
700 0 _aКорнелий Непот
_fок. 99-ок. 32 до н. э.
801 0 _aRU
_bNLR
_gpsbo
801 0 _aRU
_bRuMoRGB
_2psbo
801 1 _aRU
_bProSoft-M
_2rusmarc
852 _aNLR
_j18.304.4.7(8(вып. 1))
899 _aRuMoRGB
_jA 161/428 (28)
899 _aБАН
942 _cBOOK